| 000 | 00573cam a2200217 4500 | ||
|---|---|---|---|
| 001 | B1608 | ||
| 008 | 090401t1987 xxu||||| |||| 00| 0 eng d | ||
| 035 | _a(Sirsi) u45426 | ||
| 041 | _aeng | ||
| 050 | _a692.8 | ||
| 110 |
_aJoint Contracts Tribunal _93664 |
||
| 245 | _aStandard form of management contract 1987 edition | ||
| 250 | _a1st. | ||
| 260 |
_aLondon _bBuilding Employers Confederation _c1987 |
||
| 300 | _a69p. ; 30cm. | ||
| 350 | _a8.8 | ||
| 520 | _aDominant title on cover: Management contract . | ||
| 650 | _aJCT | ||
| 942 | _n0 | ||
| 948 | _c04/03/1997 | ||
| 999 |
_c91715 _d91715 |
||